| 000 | 00953nam a22003137a 4500 | ||
|---|---|---|---|
| 001 | 6302 | ||
| 003 | FISKH | ||
| 005 | 20250409145144.0 | ||
| 008 | 250409b cb ||||| |||| 00| 0 eng d | ||
| 020 | _a9780590568753 | ||
| 040 |
_aJBL _cJBL _dSLC _dOCL _dOCLCQ _dDLC _beng |
||
| 050 | _aPZ7.S86037 A | ||
| 082 | _a813.54 | ||
| 100 | 1 |
_aStine, R. L. _d(1943-) |
|
| 245 | 1 | 4 |
_aThe abominable snowman of Pasadena / _cR.L. Stine. |
| 250 | _aThis edition first published in 1995 | ||
| 260 |
_aNew York : _bScholastic, _c1995. |
||
| 300 |
_a127 pages : _c20 cm. |
||
| 490 | 1 |
_aGoosebumps ; _v#38 |
|
| 505 | _aG | ||
| 520 | _aOn a vacation to Alaska, Jordan Blake and his sister, Nicole, encounter the Abominable Snowman. | ||
| 521 |
_a420
_bLexile |
||
| 521 |
_aG
_bRaz-Plus |
||
| 650 | 0 |
_aYeti _vFiction. |
|
| 650 | 0 |
_aHorror tales. _2Horror |
|
| 906 |
_a7 _bcbc _ccopycat _d2 _encip _f20 _gy-genrareb |
||
| 942 |
_2ddc _cBK _n0 |
||
| 999 |
_c6302 _d6302 |
||